Návrh a implementácia systému na grafickú vizualizáciu prúdového spracovania inštrukcií

Gespeichert in:
Bibliographische Detailangaben
1. Verfasser: Jalec, Peter, 1982- (Verfasst von)
Weitere Verfasser: Hudec, Ján, 1953- (Betreuung Doktorarbeit)
Format: Manuskript Buch
Sprache:Slowakisch
Veröffentlicht: STU v Bratislave FIIT, 2008
Schlagworte:
Tags: Tag hinzufügen
Keine Tags, Fügen Sie das erste Tag hinzu!

MARC

LEADER 00000ntm a22000003a 4500
001 stu166287
005 20180412162427.5
008 080703s2008----xo------------------slo-d
040 |a STU  |b slo 
041 0 |a slo 
044 |a xo 
100 1 |a Jalec, Peter,  |d 1982-  |4 aut  |X 29025  |7 A000029025 
245 1 |a Návrh a implementácia systému na grafickú vizualizáciu prúdového spracovania inštrukcií 
260 |b STU v Bratislave FIIT,  |c 2008 
300 |a 68 s  |c príl. 
650 7 |a počítačové inžinierstvo  |2 stusub 
700 1 |a Hudec, Ján,  |d 1953-  |4 ths  |u I100  |U FIIT Fakulta informatiky a informačných technológií  |T FIIT Ústav počítačových systémov a sietí  |X 1995  |U I100  |Y 178  |7 A000001995 
996 |c I*DP26/08  |l II680  |s P  |a 0  |w stu166287_0001